000 00360 a2200157 4500
001 156214
040 _cEscola São Tomás de Aquino
100 _aROSAS, Alejandro
240 1 0 _aBibi brinca com meninos
_lpor
245 1 0 _aBibi brinca com meninos
300 _a39
362 0 _a2016
440 1 _aScipione
697 _a*LITERATURA INFANTIL
942 _cBK
999 _c156214
_d156214